00410nam a2200181Ia 4500008004100000020001800041050001600059100002000075245001600095245002300111260001500134260001600149260000900165300001600174300002000190300001000210500000800220170918s9999 xx 000 0 und d a9780439444439 bS757st 2000 aSpinelli, Jerry aStar girl / cby Jerry Spinelli. aNew York : bScholastic, c2000 a188 pages : billustrations ; c19cm. a590